000 00611nam a2200229Ia 4500
003 OSt
005 20220924143315.0
006 a|||||r|||| 00| 0
007 ta
008 220923b |||||||| |||| 00| 0 urd d
024 _a307692
037 _cTextual
040 _aARTS
_cARTS
_burd
041 _2urd
_aurd
082 _aLC, 168J6.1-.4
100 _aKabeeruddin Hakeem Mohammad
_9215371
245 0 _aSharah asbab tarjuma kabeer
260 _c1956
650 _aMEDICINE
_94387
942 _hLC, 168J6.1-.4
_cTEXL
_2CC
999 _c454015
_d454015